000 00583nam a2200217Ia 4500
008 101110s9999 xx 000 0 und d
041 _aENGLISH
082 _bSR33673
100 _aBhole K.G., Shroff Adarsh, Ranade A.J. and others
245 _aA new course in physics Vol. II FYBSc
260 _c2010
_bSheth pub, Mumbai
300 _a222
365 _b115
520 _aPhysics
546 _aENGLISH
630 _aA new course in physics Vol. II FYBSc
650 _aPhysics
655 _aPhysics
730 _aA new course in physics Vol. II FYBSc
942 _cBOOK
999 _c826174
_d826171